Cách mạng tháng Tám: Một số vấn đề lịch sử

保存先:
書誌詳細
第一著者: Văn Tạo
フォーマット: 図書
言語:Undetermined
出版事項: Hà Nội KHXH 1995
主題:
タグ: タグ追加
タグなし, このレコードへの初めてのタグを付けませんか!
Thư viện lưu trữ: Trung tâm Học liệu Trường Đại học Cần Thơ
LEADER 00560nam a2200193Ia 4500
001 CTU_39985
008 210402s9999 xx 000 0 und d
020 |b 18.500đ 
082 |a 959.704 
082 |b T108 
100 |a Văn Tạo 
245 0 |a Cách mạng tháng Tám: Một số vấn đề lịch sử 
245 0 |c Văn Tạo 
260 |a Hà Nội 
260 |b KHXH 
260 |c 1995 
650 |a vietnam - history - august revolution, 1945 
904 |i Minh, 001215 
980 |a Trung tâm Học liệu Trường Đại học Cần Thơ